The metric theory of Banach manifolds
Αποθηκεύτηκε σε:
| Κύριος συγγραφέας: | |
|---|---|
| Μορφή: | Βιβλίο |
| Γλώσσα: | Αγγλικά |
| Έκδοση: |
Berlín
Springer-Verlag
1978
|
| Σειρά: | Lecture Notes in Mathematics, 662
|
| Θέματα: | |
| Ετικέτες: |
Προσθήκη ετικέτας
Δεν υπάρχουν, Καταχωρήστε ετικέτα πρώτοι!
|
MARC
| LEADER | 00000nam a2200000 a 4500 | ||
|---|---|---|---|
| 001 | UCP1802 | ||
| 003 | CL-VaPUC | ||
| 008 | 990426e19780000GW |||||||||||||||||eng|d | ||
| 082 | 0 | 4 | |a 516.36 |b AKI |2 21 |
| 100 | 0 | |a Akin, Ethan |e author |9 428092 | |
| 245 | 1 | 4 | |a The metric theory of Banach manifolds |
| 300 | |a 306 p | ||
| 942 | |c BK | ||
| 945 | |d 19990426 00:00:00 |a crobeson | ||
| 260 | |a Berlín |b Springer-Verlag |c 1978 | ||
| 650 | 0 | |a Variedades diferenciales |9 270032 | |
| 650 | 0 | |a Geometría diferencial |9 315147 | |
| 650 | 7 | |a CARTOGRAFIAS |2 CL-VaPUC |9 425921 | |
| 583 | |a last modification |c 19990426 00:00:00 |k Rodrigo Vera | ||
| 490 | 0 | |a Lecture Notes in Mathematics, 662 | |
| 999 | |c 280440 |d 280438 | ||
| 952 | |0 0 |1 0 |4 0 |6 516_360000000000000_AKI_1978 |7 0 |8 A |9 320744 |a BIBMAT |b BIBMAT |d 2019-11-20 |i 134403K |o 516.36 AKI 1978 |p 134403K |r 2025-01-07 |w 2019-11-20 |y BK |k MAT | ||